|
|
|
|
| LEADER |
01398nam a2200337 a 4500 |
| 001 |
2952278 |
| 008 |
091112r19931989enka b 001 0 eng d |
| 010 |
|
|
|a 90193747
|
| 020 |
|
|
|a 1853390089
|
| 020 |
|
|
|a 1853390070 (pbk.)
|
| 020 |
|
|
|a 0942850165(U.S. : hard)
|
| 020 |
|
|
|a 0942850203(U.S. : pbk.)
|
| 040 |
|
|
|a DLC
|c DLC
|d DLC
|
| 082 |
0 |
0 |
|a 630/.72
|2 20
|
| 245 |
0 |
0 |
|a Farmer first :
|b farmer innovation and agricultural research /
|c edited by Robert Chambers, Arnold Pacey, and Lori Ann Thrupp.
|
| 260 |
|
|
|a London :
|b Intermediate Technology Publications,
|c 1989.[Reprinted 1993]
|
| 300 |
|
|
|a xx, 218 p. :
|b ill. ;
|c 24 cm.
|
| 504 |
|
|
|a Includes bibliographical references (p. 200-212) and index.
|
| 541 |
1 |
|
|e 00005757
|
| 650 |
|
0 |
|a Agriculture
|x Research
|x On-farm.
|
| 650 |
|
0 |
|a Agricultural innovations.
|
| 650 |
|
0 |
|a Agriculture
|x Technology transfer.
|
| 650 |
|
0 |
|a Agriculture
|x Research
|z Developing countries
|x On-farm.
|
| 650 |
|
0 |
|a Agricultural innovations
|z Developing countries.
|
| 650 |
|
0 |
|a Agriculture
|x Technology transfer
|z Developing countries.
|
| 700 |
1 |
|
|a Chambers, Robert,
|d 1932-
|
| 700 |
1 |
|
|a Pacey, Arnold.
|
| 700 |
1 |
|
|a Thrupp, Lori Ann.
|
| 852 |
4 |
|
|a Ayesha Abed Library
|j General Shelf
|
| 999 |
|
|
|c 8012
|d 8012
|
| 952 |
|
|
|0 0
|1 0
|2 ddc
|4 0
|6 630_720000000000000_FAR_1993
|7 0
|9 9072
|a BRACUL
|b BRACUL
|c GEN
|d 2010-04-07
|g 566.50
|l 0
|o 630.72 FAR
|p 3010005757
|r 2010-04-07
|t 1
|w 2010-04-07
|y BK
|